[Event "Andorra-Foment m"]
[Site "Andorra"]
[Date "1998.??.??"]
[Round "2"]
[White "Ferrer Duran, Martin"]
[Black "Rechi, Jesus"]
[Result "1-0"]
[WhiteElo "2280"]
[BlackElo "2140"]
[PlyCount "75"]
[EventDate "1998.??.??"]
[EventType "team-tourn"]
[EventRounds "2"]
[EventCountry "AND"]
[SourceTitle "EXT 2003"]
[Source "ChessBase"]
[SourceDate "2002.11.25"]
[SourceVersion "1"]
[SourceVersionDate "2002.11.25"]
[SourceQuality "1"]

1. Nf3 g6 2. d4 Bg7 3. e4 d6 4. Nc3 Nd7 5. Be2 Ngf6 6. h3 e5 7. Be3 0-0 8. 0-0 Re8 9. dxe5 dxe5 10. Bc4 c6 11. a4 Qe7 12. Qe2 Nc5 13. Ng5 Ne6 14. Rfd1 Nxg5 15. Bxg5 Be6 16. Bxe6 Qxe6 17. Rd2 Rad8 18. Rad1 Qe7 19. Be3 Rxd2 20. Qxd2 Qb4 21. f3 Bf8 22. b3 Be7 23. Na2 Qa3 24. Nc1 Rd8 25. Nd3 Nd7 26. Qc3 f6 27. Bxa7 Ra8 28. Be3 Rxa4 29. Nb2 Rd4 30. Bxd4 exd4 31. Qc4+ Kf8 32. Nd3 Ne5 33. Qxd4 Nxd3 34. Qxd3 Qc5+ 35. Kh1 Qe5 36. Qd7 Qb5 37. Qe6 Qe2 38. Ra1 1-0

[Event "Barbera del Valles-B"]
[Site "Barbera del Valles"]
[Date "1997.??.??"]
[Round "1"]
[White "Canal Oliveras, Joan"]
[Black "Ferrer Duran, Martin"]
[Result "1/2-1/2"]
[WhiteElo "2330"]
[BlackElo "2280"]
[PlyCount "83"]
[EventDate "1997.07.??"]
[EventType "tourn"]
[EventRounds "9"]
[EventCountry "ESP"]
[SourceTitle "EXT 1999"]
[Source "ChessBase"]
[SourceDate "1998.11.16"]
[SourceVersion "1"]
[SourceVersionDate "1998.11.16"]
[SourceQuality "1"]

1. d4 Nf6 2. Nc3 g6 3. e4 d6 4. f4 Bg7 5. Nf3 0-0 6. e5 dxe5 7. dxe5 Qxd1+ 8. Nxd1 Nd5 9. Bc4 Nb6 10. Bb3 Nc6 11. Bd2 Bg4 12. 0-0 Bxf3 13. Rxf3 Nd4 14. Rd3 Rad8 15. Nf2 c5 16. Be3 Ne2+ 17. Kf1 Nxf4 18. Rxd8 Rxd8 19. Bxc5 Bxe5 20. Re1 Bd6 21. Bxd6 exd6 22. Re7 Rd7 23. Bxf7+ Kf8 24. Rxd7 Nxd7 25. Bc4 Nb6 26. Bb3 a5 27. a3 d5 28. Nd3 Nxd3 29. cxd3 Ke7 30. Kf2 Kd6 31. Ke3 Ke5 32. d4+ Kf5 33. Kd3 Kf4 34. Ba2 h5 35. b4 axb4 36. axb4 g5 37. Bb3 h4 38. Bd1 g4 39. h3 gxh3 40. gxh3 Nc4 41. Bg4 Ne3 42. Be6 1/2-1/2

[Event "Barbera del Valles-B"]
[Site "Barbera del Valles"]
[Date "1997.??.??"]
[Round "6"]
[White "Ferrer Duran, Martin"]
[Black "Escanes Garcia, David"]
[Result "1/2-1/2"]
[WhiteElo "2280"]
[BlackElo "2070"]
[PlyCount "80"]
[EventDate "1997.07.??"]
[EventType "tourn"]
[EventRounds "9"]
[EventCountry "ESP"]
[SourceTitle "EXT 1999"]
[Source "ChessBase"]
[SourceDate "1998.11.16"]
[SourceVersion "1"]
[SourceVersionDate "1998.11.16"]
[SourceQuality "1"]

1. Nf3 Nf6 2. d4 d5 3. Bf4 e6 4. e3 c5 5. c3 Nc6 6. Bd3 Bd6 7. dxc5 Bxc5 8. 0-0 Nh5 9. Bg5 Be7 10. Bxe7 Qxe7 11. Nd4 Nf6 12. Nd2 0-0 13. Re1 e5 14. N4b3 e4 15. Be2 Ne5 16. Nd4 Bg4 17. f3 exf3 18. N2xf3 Ng6 19. Qd3 Ne4 20. Rac1 Nc5 21. Qd2 Rfe8 22. Bb5 Red8 23. Bd3 Ne4 24. Qc2 Bxf3 25. Nxf3 Nc5 26. e4 Nxd3 27. Qxd3 dxe4 28. Qxe4 Qxe4 29. Rxe4 Rd6 30. Rce1 Kf8 31. Nd4 Rd7 32. Kf2 f6 33. R1e2 Ne5 34. Kg3 Kf7 35. Nf3 Nxf3 36. gxf3 Rad8 37. f4 Rc8 38. Ra4 a6 39. Rb4 Rcd8 40. Rb6 Kf8 1/2-1/2

[Event "Catalunya-chT"]
[Site "Catalunya"]
[Date "1996.??.??"]
[Round "?"]
[White "Ferrer Duran, Martin"]
[Black "Arias Boo, Guillermo"]
[Result "0-1"]
[WhiteElo "2290"]
[BlackElo "2145"]
[PlyCount "124"]
[EventDate "1996.??.??"]
[EventType "team"]
[EventRounds "9"]
[EventCountry "ESP"]
[SourceTitle "EXT 1999"]
[Source "ChessBase"]
[SourceDate "1998.11.16"]
[SourceVersion "1"]
[SourceVersionDate "1998.11.16"]
[SourceQuality "1"]

1. Nf3 e6 2. g3 Nf6 3. Bg2 d5 4. 0-0 Be7 5. b3 Nbd7 6. Bb2 0-0 7. c4 b6 8. cxd5 exd5 9. d4 Bb7 10. Nbd2 c5 11. Ne5 Re8 12. Ndf3 cxd4 13. Bxd4 Bc5 14. e3 Nxe5 15. Nxe5 Qd6 16. Bxc5 bxc5 17. Nd3 Ba6 18. Qc2 Rac8 19. Rfd1 d4 20. exd4 cxd4 21. Qd2 Ne4 22. Qb4 Qf6 23. Nf4 Rcd8 24. Re1 Nc3 25. Rxe8+ Rxe8 26. Nd5 Nxd5 27. Bxd5 Be2 28. a4 d3 29. Ra2 Rd8 30. Bc4 h5 31. h4 Qd4 32. Qd2 Rd6 33. Qe3 Qxe3 34. fxe3 Rf6 35. Rd2 Rd6 36. e4 Kf8 37. Kf2 Rf6+ 38. Ke3 Rf3+ 39. Kd4 Rxg3 40. Bxd3 Bxd3 41. Rxd3 Rg4 42. b4 Rxh4 43. b5 Rh1 44. a5 Rb1 45. Kc5 g5 46. b6 axb6+ 47. axb6 g4 48. Kc6 h4 49. Rd5 g3 50. Rb5 Rc1+ 51. Kd7 Rd1+ 52. Kc6 g2 53. b7 Rd8 54. Kc7 Re8 55. Re5 Rxe5 56. b8Q+ Re8 57. Qb4+ Kg8 58. Kd7 Re6 59. Qb8+ Kh7 60. Qh2 Rg6 61. Qg1 h3 62. Ke7 Kg8 0-1

[Event "Barbera del Valles op"]
[Site "Barbera del Valles"]
[Date "1996.??.??"]
[Round "3"]
[White "Peric, Slavisa"]
[Black "Ferrer Duran, Martin"]
[Result "1-0"]
[WhiteElo "2365"]
[BlackElo "2280"]
[PlyCount "71"]
[EventDate "1996.07.??"]
[EventType "swiss"]
[EventRounds "9"]
[EventCountry "ESP"]
[SourceTitle "EXT 1997"]
[Source "ChessBase"]
[SourceDate "1996.11.15"]
[SourceVersion "1"]
[SourceVersionDate "1996.11.15"]
[SourceQuality "1"]

1. d4 Nf6 2. c4 c5 3. d5 e6 4. Nc3 exd5 5. cxd5 d6 6. e4 g6 7. Bd3 Bg7 8. Nge2 0-0 9. 0-0 Re8 10. h3 Nbd7 11. Ng3 a6 12. a4 Qc7 13. f4 Rb8 14. a5 c4 15. Bc2 b5 16. axb6 Qxb6+ 17. Kh1 h5 18. Qf3 Bb7 19. Ra2 Qc7 20. Rd1 Ra8 21. Be3 Red8 22. Qf2 Ne8 23. e5 dxe5 24. f5 Nd6 25. fxg6 Rf8 26. gxf7+ Rxf7 27. Qe2 Nf6 28. Nxh5 Nxh5 29. Qxh5 Kf8 30. Bg6 Rf6 31. Raa1 a5 32. Rf1 Nf7 33. Ne4 Rxf1+ 34. Rxf1 Bxd5 35. Bc5+ Ke8 36. Bxf7+ 1-0

[Event "Ponferrada-chT"]
[Site "Ponferrada"]
[Date "1992.??.??"]
[Round "?"]
[White "Ferrer Duran, Martin"]
[Black "Alvarez Ibarra, Rafael"]
[Result "1/2-1/2"]
[WhiteElo "2265"]
[BlackElo "2370"]
[PlyCount "58"]
[EventDate "1992.??.??"]
[EventType "team-tourn"]
[EventRounds "9"]
[EventCountry "ESP"]
[SourceTitle "EXT 1999"]
[Source "ChessBase"]
[SourceDate "1998.11.16"]
[SourceVersion "1"]
[SourceVersionDate "1998.11.16"]
[SourceQuality "1"]

1. c4 e6 2. g3 d5 3. Bg2 Nf6 4. Nf3 dxc4 5. Qa4+ Nbd7 6. Qxc4 a6 7. a4 b5 8. Qc2 Bb7 9. 0-0 Be7 10. axb5 axb5 11. Rxa8 Bxa8 12. d3 c5 13. Nc3 Qb6 14. Qb3 Bc6 15. Nd2 Bxg2 16. Kxg2 b4 17. Nce4 Nxe4 18. Nxe4 Qc6 19. f3 Qd5 20. Qc4 f5 21. Ng5 Bxg5 22. Bxg5 0-0 23. Ra1 Qe5 24. Kf2 Nf6 25. Qb5 Nd5 26. Qxc5 Qxb2 27. Ra6 Qe5 28. Bf4 Qf6 29. Bd2 b3 1/2-1/2

[Event "ESP-ch"]
[Site "Lleida"]
[Date "1991.??.??"]
[Round "1"]
[White "Bejar Gallardo, Jose"]
[Black "Ferrer Duran, Martin"]
[Result "1-0"]
[WhiteElo "2200"]
[BlackElo "2280"]
[PlyCount "70"]
[EventDate "1991.09.??"]
[EventType "swiss"]
[EventRounds "9"]
[EventCountry "ESP"]
[SourceTitle "EXT 1997"]
[Source "ChessBase"]
[SourceDate "1996.11.15"]
[SourceVersion "1"]
[SourceVersionDate "1996.11.15"]
[SourceQuality "1"]

1. e4 c5 2. Nf3 Nc6 3. d4 cxd4 4. Nxd4 g6 5. Be3 Bg7 6. Nc3 Nf6 7. f3 0-0 8. Qd2 d5 9. Nxc6 bxc6 10. 0-0-0 Be6 11. Bh6 Qa5 12. Bxg7 Kxg7 13. g4 dxe4 14. g5 Nh5 15. fxe4 Rfd8 16. Bd3 Bxa2 17. Nxa2 Qxa2 18. Qc3+ Kg8 19. Rdf1 Rab8 20. b3 Qa3+ 21. Kb1 e6 22. Rf3 c5 23. Rhf1 Rd7 24. Bc4 Rbd8 25. Rd3 Rxd3 26. cxd3 a5 27. Qe5 Qb4 28. Rxf7 Qe1+ 29. Ka2 Qe2+ 30. Ka3 Qd2 31. Bxe6 Qb4+ 32. Ka2 Qd2+ 33. Qb2 Qxb2+ 34. Kxb2 Ng7 35. Bc4 Kh8 1-0

[Event "ESP-ch"]
[Site "Lleida"]
[Date "1991.??.??"]
[Round "4"]
[White "Ferrer Duran, Martin"]
[Black "Alvarez, R."]
[Result "1/2-1/2"]
[WhiteElo "2280"]
[BlackElo "2365"]
[PlyCount "48"]
[EventDate "1991.09.??"]
[EventType "swiss"]
[EventRounds "9"]
[EventCountry "ESP"]
[SourceTitle "EXT 1997"]
[Source "ChessBase"]
[SourceDate "1996.11.15"]
[SourceVersion "1"]
[SourceVersionDate "1996.11.15"]
[SourceQuality "1"]

1. e4 e5 2. Nc3 Nf6 3. f4 d5 4. fxe5 Nxe4 5. Nf3 Be7 6. Qe2 f5 7. Nd1 0-0 8. d3 Ng5 9. g3 Nxf3+ 10. Qxf3 Nc6 11. Bg2 Be6 12. 0-0 Bc5+ 13. Be3 Bxe3+ 14. Qxe3 d4 15. Qe2 Bd5 16. Bh3 Qg5 17. c4 dxc3 18. bxc3 f4 19. c4 Nd4 20. Qg4 Qxg4 21. Bxg4 Be6 22. Bxe6+ Nxe6 23. Nc3 Rad8 24. Rad1 fxg3 1/2-1/2

[Event "ESP-ch"]
[Site "Lleida"]
[Date "1991.??.??"]
[Round "7"]
[White "Ferrer Duran, Martin"]
[Black "Cisneros Belenguer, Lucas"]
[Result "1/2-1/2"]
[WhiteElo "2280"]
[BlackElo "2395"]
[PlyCount "92"]
[EventDate "1991.09.??"]
[EventType "swiss"]
[EventRounds "9"]
[EventCountry "ESP"]
[SourceTitle "EXT 1997"]
[Source "ChessBase"]
[SourceDate "1996.11.15"]
[SourceVersion "1"]
[SourceVersionDate "1996.11.15"]
[SourceQuality "1"]

1. d4 Nf6 2. Nf3 e6 3. g3 c5 4. c4 cxd4 5. Nxd4 d5 6. Bg2 Nc6 7. 0-0 Qb6 8. Nxc6 bxc6 9. Nc3 Be7 10. cxd5 cxd5 11. e4 dxe4 12. Nxe4 Nd5 13. Nc3 0-0 14. Nxd5 exd5 15. Qxd5 Be6 16. Qxa8 Rxa8 17. Bxa8 Bc5 18. Bf4 Bc4 19. b4 Bxf1 20. bxc5 Qd8 21. Rxf1 g5 22. Bxg5 Qxg5 23. c6 Qd2 24. Bb7 Qc2 25. Re1 Kf8 26. a3 Qc3 27. Re3 Qc2 28. h4 a5 29. Kg2 a4 30. c7 Qxc7 31. Bf3 Qc2 32. Be4 Qc4 33. Bxh7 Kg7 34. Bd3 Qd5+ 35. Be4 Qc5 36. g4 f6 37. Rg3 Qc4 38. Bf5 Qd5+ 39. Rf3 Qc6 40. Kg3 Qd6+ 41. Kg2 Qd5 42. g5 fxg5 43. hxg5 Qc6 44. g6 Qd5 45. Kg3 Qe5+ 46. Kg4 Qd4+ 1/2-1/2

[Event "ESP-ch"]
[Site "Lleida"]
[Date "1991.??.??"]
[Round "2"]
[White "Ferrer Duran, Martin"]
[Black "Clemente, A."]
[Result "1-0"]
[WhiteElo "2280"]
[BlackElo "2200"]
[PlyCount "79"]
[EventDate "1991.09.??"]
[EventType "swiss"]
[EventRounds "9"]
[EventCountry "ESP"]
[SourceTitle "EXT 1997"]
[Source "ChessBase"]
[SourceDate "1996.11.15"]
[SourceVersion "1"]
[SourceVersionDate "1996.11.15"]
[SourceQuality "1"]

1. Nf3 c5 2. c4 Nf6 3. Nc3 g6 4. d4 cxd4 5. Nxd4 Bg7 6. g3 0-0 7. Bg2 Nc6 8. 0-0 Qc7 9. Ndb5 Qb8 10. Nd5 Ne8 11. Bf4 Be5 12. Bh6 Bxb2 13. Bxf8 Kxf8 14. Rb1 Bg7 15. e3 d6 16. Nd4 Nxd4 17. exd4 e6 18. Ne3 Qc7 19. Qd2 Rb8 20. Rfc1 Bd7 21. Rb3 Kg8 22. Rcb1 b6 23. c5 d5 24. cxb6 axb6 25. Qb2 b5 26. Bf1 Nd6 27. a4 Qa7 28. axb5 Bxd4 29. b6 Qa4 30. Qc1 Rc8 31. Qa3 Qxa3 32. Rxa3 Kg7 33. Ra7 Bc6 34. Ba6 Rb8 35. Rc7 Bb7 36. Bxb7 Rxb7 37. Rc6 Ne4 38. Rb4 e5 39. Nxd5 Bxf2+ 40. Kg2 1-0

[Event "ESP-ch"]
[Site "Lleida"]
[Date "1991.??.??"]
[Round "9"]
[White "Garcia Fernandez, Carlos"]
[Black "Ferrer Duran, Martin"]
[Result "1-0"]
[WhiteElo "2335"]
[BlackElo "2280"]
[PlyCount "71"]
[EventDate "1991.09.??"]
[EventType "swiss"]
[EventRounds "9"]
[EventCountry "ESP"]
[SourceTitle "EXT 1997"]
[Source "ChessBase"]
[SourceDate "1996.11.15"]
[SourceVersion "1"]
[SourceVersionDate "1996.11.15"]
[SourceQuality "1"]

1. Nf3 c5 2. g3 Nc6 3. Bg2 g6 4. d4 cxd4 5. Nxd4 Bg7 6. Nxc6 bxc6 7. c4 Rb8 8. Nc3 Rb4 9. Qd3 Ba6 10. b3 Qa5 11. 0-0 Nf6 12. Bd2 Rb7 13. Rab1 Qc7 14. b4 d5 15. b5 dxc4 16. Qf3 cxb5 17. Qc6+ Qxc6 18. Bxc6+ Nd7 19. Bxb7 Bxb7 20. Nxb5 0-0 21. Bc3 e5 22. Nxa7 Be4 23. Rbd1 Nb6 24. Nb5 h5 25. Bb4 Ra8 26. Nc3 Bb7 27. Rd6 Na4 28. Rfd1 Nxc3 29. Rd8+ Kh7 30. Bxc3 Ra3 31. Bb4 Rxa2 32. R8d7 Be4 33. Rxf7 Kg8 34. Rc7 Bf5 35. Rd8+ Kh7 36. Bf8 1-0

[Event "ESP-ch"]
[Site "Lleida"]
[Date "1991.??.??"]
[Round "8"]
[White "Ochoa de Echaguen, Francisco Javier"]
[Black "Ferrer Duran, Martin"]
[Result "1-0"]
[WhiteElo "2390"]
[BlackElo "2280"]
[PlyCount "67"]
[EventDate "1991.09.??"]
[EventType "swiss"]
[EventRounds "9"]
[EventCountry "ESP"]
[SourceTitle "EXT 1997"]
[Source "ChessBase"]
[SourceDate "1996.11.15"]
[SourceVersion "1"]
[SourceVersionDate "1996.11.15"]
[SourceQuality "1"]

1. e4 e6 2. d4 d5 3. Nc3 Nf6 4. Bg5 Be7 5. e5 Nfd7 6. Bxe7 Qxe7 7. f4 0-0 8. Nf3 c5 9. dxc5 Qxc5 10. Qd2 Nc6 11. 0-0-0 Nb6 12. h4 Bd7 13. h5 Rac8 14. Bd3 Nb4 15. Kb1 Na4 16. Nxa4 Bxa4 17. b3 Nxd3 18. cxd3 Qb6 19. Qb2 Bb5 20. Nd4 Rc7 21. f5 Rfc8 22. fxe6 fxe6 23. Rhf1 Qa6 24. Rf3 Rc3 25. Qd2 h6 26. g4 Qb6 27. Qf4 Be8 28. Rg3 a5 29. g5 hxg5 30. Rxg5 a4 31. Rdg1 R8c7 32. Qg4 g6 33. Rxg6+ Bxg6 34. Qxg6+ 1-0

[Event "Valencia op"]
[Site "Valencia"]
[Date "1990.??.??"]
[Round "?"]
[White "Eslon, Jaan"]
[Black "Ferrer Duran, Martin"]
[Result "1-0"]
[WhiteElo "2360"]
[BlackElo "2270"]
[PlyCount "75"]
[EventDate "1990.??.??"]
[EventType "swiss"]
[EventRounds "9"]
[EventCountry "ESP"]
[SourceTitle "EXT 1997"]
[Source "ChessBase"]
[SourceDate "1996.11.15"]
[SourceVersion "1"]
[SourceVersionDate "1996.11.15"]
[SourceQuality "1"]

1. d4 e6 2. c4 f5 3. g3 Nf6 4. Bg2 d5 5. Nh3 c6 6. 0-0 Bd6 7. Bf4 Bxf4 8. Nxf4 0-0 9. Qc2 Na6 10. Nd2 Nc7 11. Nf3 Qe8 12. Rad1 Ne4 13. Ne5 Nd6 14. e3 g5 15. Nfd3 Nf7 16. Nxf7 Qxf7 17. Ne5 Qg7 18. f3 Bd7 19. e4 f4 20. Qb3 Bc8 21. Qb4 Na6 22. Qc3 Nb8 23. Bh3 Qh6 24. Bg4 Na6 25. Rf2 Qf6 26. Re1 Re8 27. b4 Nc7 28. gxf4 Qxf4 29. Rg2 Kh8 30. Kh1 Rf8 31. Qd3 Ne8 32. h4 gxh4 33. Reg1 Ng7 34. exd5 exd5 35. Bxc8 Nh5 36. Rg4 Qf6 37. Bxb7 Ng3+ 38. Kh2 1-0